000 00306nam a22001337a 4500
008 170727b xxu||||| |||| 00| 0 eng d
020 _a9780071788571
041 _aeng
080 _a004
100 _a31
101 _aSHK
245 _aEFFECTIVE MYSQL: BACKUP AND RECOVERY
_cBRADFORD,R
942 _2udc
_cBK
999 _c21971
_d21971